Normal view
MARC view
- Burton, Richard F[rancis],
Entry Personal Name
001 - CONTROL NUMBER
- control field: 4816
003 - CONTROL NUMBER IDENTIFIER
- control field: NUST
005 - DATE AND TIME OF LATEST TRANSACTION
- control field: 20170922105636.0
008 - FIXED-LENGTH DATA ELEMENTS
- fixed length control field: 170922|| aca||aabn | a|a d
040 ## - CATALOGING SOURCE
- Original cataloging agency: NUST
- Transcribing agency: NUST
100 ## - HEADING--PERSONAL NAME
- Personal name: Burton, Richard F[rancis],
- Titles and other words associated with a name: Sir,
- Dates associated with a name: 1821-1890.
670 ## - SOURCE DATA FOUND
- Source citation: Work cat.: (NUST)0: Burton, Richard F[rancis], Sir, 1821-1890., Sindh, and the races that inhabit the valley of the Indus ..., 1851
